000 02141cam a22005174i 4500
003 PE-LiUPU
005 20250731165504.0
008 150623s r 000 0 d
020 _a1850758840 pa
035 _a(Sirsi) i9781850758846
040 _aPE-LiUPU
_bspa
_cPE-LiUPU
_erda
049 _aPRUA
082 0 4 _a225.077
_bJ
_221
100 1 _aOrchard, Helen C.,
_eautor.
245 1 0 _aCourting betrayal :
_bJesus as victim in the gospel of John.
_n161.
264 1 _aSheffield, Great Britain :
_bSheffield Academic Press,
_c1998.
300 _a293 páginas ;
_c24 centímetros
336 _atext
_2rdacontent
337 _aunmediated
_2rdamedia
338 _avolume
_2rdacarrier
490 0 _aJournal for the Study of the N.T. Supplement Series ;
_v161
504 _aIncluye bibliografía.
505 0 _aThe disconcerting gospel. -The literary context. -The historical context. -Relationship with the community I: scenes of violence. -Relationship with the community II: the victim's self-cognizance. -Relationship with death I: facing the hour. -Relationship with the disciples I: departure. -Relationship with death II: embracing the hour. -Relationship with the disciples.
526 _aSEG44
526 _aSEG26
526 _aP151
526 _aP150
526 _aP149
526 _aP146
526 _aP145
526 _aP126
526 _aP125
526 _aP92
526 _aP75
526 _aP74
526 _aP27
526 _aP15
630 _aBiblia.
_pN.T.
_pJuan
_xCrítica, interpretación, etc.
650 0 4 _aViolencia en la Biblia.
942 _2ddc
_cBOOK
949 _aRC 225.077 J 161
_wDEWEY
_c1
_i46621
_lCCODEBUL1
_mBUL
_r0
_sY
_tBOOK
_u2015-6-24
_xTEOLOGIA
_PP35
_0COMPRA
_o.CIRCNOTE. No olvidar cambiar la fecha de devolución!!!!!!!
_o.STAFF. Colección General
994 _aC0
_bPEPRU
596 _a1
999 _aRC 225.077 J 161
_wDEWEY
_c23412
_i46621
_f2021-11-8
_g6
_lCCODEBUL1
_mBUL
_r1
_sY
_tBOOK
_u2015-6-24
_xTEOLOGIA
_PP35
_0COMPRA
_o.CIRCNOTE. No olvidar cambiar la fecha de devolución!!!!!!!
_o.STAFF. Colección General
_d23412
980 _81
_gALBERTO SANCHEZ Responsable de Automatización